000 00611nam a2200241 i 4500
001 C2-0038557
003 PPAK
005 20190630222053.0
008 970222s1990 enk |||| ||||| | eng d
020 _a0600569055
040 _aPPAK
_beng
_cPPAK
_erda
082 0 4 _a646.79
_223
090 0 0 _a646.79
_bHOB
_dG
100 1 _aHobman, David,
_eauthor
245 1 0 _aPlanning your retirement
264 1 _aLondon :
_bHamlyn ,
_c1990
300 _a128 pages ;
_c20 cm
336 _2rdacontent
_atext
337 _2rdamedia
_aunmediated
338 _2rdacarrier
_avolume
650 1 0 _aRetirement
942 _ddc
_cB
999 _c6565
_d6565